| 000 | 01588cad a2200289 4500 | ||
|---|---|---|---|
| 001 | L158900 | ||
| 008 | 100215n2013 000 0 eng u | ||
| 020 | _a9781783210305 | ||
| 035 | _a(Sirsi) u158900 | ||
| 041 | _aeng | ||
| 100 | 1 | _aMeding, Jason von | |
| 111 | 2 |
_aConstruction and Building Research Conference _cIIT Delhi, New Delhi _d10-12 September 2013 |
|
| 245 | 0 | 0 |
_aFactors influencing the implementation of site waste management plans on UK projects of all sizes _h[electronic resource] |
| 260 |
_aLondon _bRICS _c2013 |
||
| 490 | 0 |
_aCOBRA _v2013 |
|
| 520 | _aA paper presented at the COBRA Conference in New Delhi on 10-12 September 2013. Tries to identify and assess the opportunities and challenges of implementing a Site Waste Management Plan (SWMP) on projects irrespective of size. Although SWMP may not yet be legally required on all construction projects, clients and contractors need to realise the benefits to cut costs and implement best practice by adopting a SWMP. The benefits of implementing a SWMP are not only reduction of the amount of construction waste going to landfill, but also significant cost savings on projects and improvement of the environment. | ||
| 650 | 2 | 4 | _aCONSTRUCTION AND BUILDING RESEARCH CONFERENCE (COBRA) |
| 650 | 2 | 4 | _aSITE WASTE MANAGEMENT PLANS |
| 650 | 2 | 4 | _aDEMOLITION WASTE |
| 650 | 2 | 4 | _aENVIRONMENTAL AND LAND CONSULTANCY-WASTE MANAGEMENT |
| 651 | 4 |
_aUnited Kingdom _y |
|
| 690 |
_aMinerals and waste _96257 |
||
| 700 | 1 | _aMing Shek, Yiu | |
| 700 | 1 | _aSpillane, John | |
| 700 | 1 | _aKonanahalli, Ashwini | |
| 942 | _n0 | ||
| 999 |
_c115578 _d115578 |
||